[Event "BL 8990 Porz-Solingen"]
[Site "?"]
[Date "1989.??.??"]
[Round "?.4"]
[White "Lutz, C."]
[Black "Reeh, O."]
[Result "0-1"]
[WhiteElo "2410"]
[BlackElo "2430"]
[PlyCount "166"]
[EventDate "1989.??.??"]

1. d4 Nf6 2. c4 g6 3. Nc3 Bg7 4. e4 d6 5. Nf3 O-O 6. Be2 c5 7. O-O Bg4 8. d5
Nbd7 9. Bg5 a6 10. Nd2 Bxe2 11. Qxe2 Qb6 12. Rab1 Rae8 13. f4 h6 14. Bh4 Nh7
15. Kh1 Qc7 16. Nf3 e6 17. dxe6 fxe6 18. Rbd1 Bxc3 19. bxc3 e5 20. fxe5 Nxe5
21. Nxe5 dxe5 22. Qd3 Rxf1+ 23. Rxf1 Qc6 24. h3 g5 25. Bg3 Nf6 26. Qf3 Rf8 27.
Re1 Nd7 28. Qg4 Nf6 29. Qf3 Nd7 30. Qg4 Nf6 31. Qe2 Qe6 32. Rf1 Rf7 33. Rd1 Rd7
34. Rf1 Rf7 35. Kg1 Nd7 36. Rd1 Nb6 37. Rd8+ Kh7 38. Qd3 Rd7 39. Rxd7+ Nxd7 40.
Qb1 b6 41. Qd3 Kg6 42. Kf2 Nf6 43. Ke3 g4 44. Qf1 gxh3 45. gxh3 Ne8 46. Qg2 Kh7
47. Qd2 Qxh3 48. Qh2 Qxh2 49. Bxh2 Nd6 50. Bxe5 Nxc4+ 51. Kf4 Kg6 52. Bh8 h5
53. e5 Kf7 54. Kf5 h4 55. e6+ Ke8 56. Kg4 Ke7 57. Kxh4 Kxe6 58. Kg3 Kd5 59. Kf3
b5 60. Bg7 a5 61. Ke2 a4 62. Kd3 Nd6 63. Bf6 Nf5 64. Bg5 c4+ 65. Kc2 Ke4 66.
Bf6 Ke3 67. Be5 Ke2 68. Bf6 Ne3+ 69. Kc1 Kd3 70. Be5 Nd5 71. Kb2 Kd2 72. Bg7
Kd1 73. Bh6 Ke2 74. Kc2 Ne3+ 75. Kc1 Kd3 76. Bg7 Nd5 77. Kb2 b4 78. cxb4 c3+
79. Ka3 Nb6 80. Bh6 Kc4 81. Be3 Kb5 82. Bxb6 Kxb6 83. b5 Ka5 0-1

[Event "BL 8990 Porz-Solingen"]
[Site "?"]
[Date "1989.??.??"]
[Round "?.5"]
[White "Zysk, R."]
[Black "Schoen, W."]
[Result "1/2-1/2"]
[WhiteElo "2450"]
[BlackElo "2360"]
[PlyCount "106"]
[EventDate "1989.??.??"]

1. d4 Nf6 2. c4 e6 3. Nc3 Bb4 4. Qc2 O-O 5. Bg5 c5 6. e3 cxd4 7. exd4 Nc6 8.
Nf3 d5 9. a3 Be7 10. Rd1 Qa5 11. Bd2 Qd8 12. Bf4 dxc4 13. Bxc4 Nd5 14. Nxd5
exd5 15. Bd3 g6 16. h3 Bf6 17. O-O Be6 18. Bb5 Rc8 19. Qd2 Qa5 20. Qe2 Qb6 21.
Bxc6 Rxc6 22. Ne5 Rcc8 23. Qd2 Bf5 24. Rc1 Qb3 25. Rfe1 Rfe8 26. Re3 Rxc1+ 27.
Qxc1 Qb6 28. Ng4 Rxe3 29. Nxf6+ Qxf6 30. Qxe3 Qe6 31. Qc1 Qe7 32. Qc3 a6 33.
Qd2 f6 34. Bg3 g5 35. Bb8 Kg7 36. Bg3 h5 37. h4 gxh4 38. Bxh4 Qe4 39. Bg3 h4
40. Bf4 h3 41. f3 Qb1+ 42. Qc1 Qd3 43. Qd2 Qc4 44. Kf2 hxg2 45. Kxg2 Kf7 46.
Bg3 Bd3 47. Bf2 Bf1+ 48. Kg3 Qc8 49. Qh6 Qg8+ 50. Kf4 Qb8+ 51. Ke3 Qe8+ 52. Kf4
Qb8+ 53. Ke3 Qe8+ 1/2-1/2

[Event "BL 8990 Porz-Solingen"]
[Site "?"]
[Date "1989.??.??"]
[Round "?.6"]
[White "Ostermeyer, P."]
[Black "Schulte, O."]
[Result "0-1"]
[WhiteElo "2465"]
[BlackElo "2405"]
[PlyCount "80"]
[EventDate "1989.??.??"]

1. e4 e5 2. Nf3 Nf6 3. Nc3 Bb4 4. Nxe5 O-O 5. Be2 Re8 6. Nd3 Bxc3 7. dxc3 Nxe4
8. O-O d6 9. f3 Nf6 10. Bg5 h6 11. Bh4 Nbd7 12. c4 Nf8 13. Qd2 b6 14. a4 Bb7
15. a5 Ne4 16. Qe1 Ng5 17. a6 Bc8 18. Qf2 Ng6 19. Bg3 Qf6 20. Rfe1 Bf5 21. c3
Bxd3 22. Bxd3 Nf4 23. Bxf4 Qxf4 24. h4 Ne6 25. Be4 Rad8 26. Bc6 Rf8 27. Re4 Qf5
28. Qg3 Qc5+ 29. Kh1 Qxc6 30. Rae1 d5 31. cxd5 Qxd5 32. Re5 Qd6 33. Qg4 Nc5 34.
Re7 Nd3 35. R1e2 Qxe7 36. Rxe7 Nf2+ 37. Kh2 Nxg4+ 38. fxg4 Rc8 39. Kg3 Rfe8 40.
Rd7 Kf8 0-1

[Event "BL 8990 Porz-Solingen"]
[Site "?"]
[Date "1989.??.??"]
[Round "?.7"]
[White "Podzielny, K."]
[Black "Jackelen, T."]
[Result "1-0"]
[WhiteElo "2430"]
[BlackElo "2355"]
[PlyCount "91"]
[EventDate "1989.??.??"]

1. d4 Nf6 2. Nf3 d5 3. c4 e6 4. Nc3 Be7 5. Bg5 h6 6. Bh4 O-O 7. e3 b6 8. Qc2
Bb7 9. Bxf6 Bxf6 10. cxd5 exd5 11. Rd1 Nd7 12. Be2 c5 13. O-O Rc8 14. Qa4 a6
15. Bxa6 Ra8 16. Bxb7 Rxa4 17. Nxa4 cxd4 18. exd4 b5 19. Nc5 Bxd4 20. Nd3 Bf6
21. Bxd5 Qb8 22. Rfe1 Nb6 23. Bc6 Na4 24. Nde5 Bxe5 25. Nxe5 Nxb2 26. Rb1 Na4
27. Nd7 Qc7 28. Nxf8 Qxc6 29. Rbd1 g6 30. Nd7 Nc3 31. Ne5 Qc7 32. Rd2 Ne4 33.
Rde2 Nc3 34. Re3 Nxa2 35. Rf3 Nc3 36. h4 b4 37. Rxf7 Qd6 38. Rd7 Qe6 39. Rd8+
Kg7 40. Nf3 Qf6 41. Rd7+ Kf8 42. Nd4 b3 43. Nxb3 Qxh4 44. Ra1 Qe4 45. Raa7 Ke8
46. Rdb7 1-0

[Event "BL 8990 Porz-Solingen"]
[Site "?"]
[Date "1989.??.??"]
[Round "?.8"]
[White "Schmidt, B."]
[Black "Dueball, J."]
[Result "1/2-1/2"]
[WhiteElo "2315"]
[BlackElo "2435"]
[PlyCount "40"]
[EventDate "1989.??.??"]

1. g3 e5 2. Nf3 Nc6 3. d4 exd4 4. Nxd4 Bc5 5. Nb3 Bb6 6. Bg2 Nf6 7. Nc3 O-O 8.
O-O d6 9. Na4 Re8 10. Nxb6 axb6 11. Re1 Bf5 12. Nd4 Be4 13. Nxc6 Bxc6 14. Bxc6
bxc6 15. Bg5 h6 16. Bxf6 Qxf6 17. c3 Qe6 18. a3 Ra5 19. e3 h5 20. Qf3 Qe4
1/2-1/2

[Event "BL 8990 Dortmund-Porz"]
[Site "?"]
[Date "1989.??.??"]
[Round "?.3"]
[White "Fleck, J."]
[Black "Keitlinghaus, L."]
[Result "1/2-1/2"]
[WhiteElo "2415"]
[BlackElo "2405"]
[PlyCount "130"]
[EventDate "1989.??.??"]

1. e4 e6 2. d4 d5 3. Nc3 Be7 4. Nf3 Nf6 5. Bd3 c5 6. exd5 Nxd5 7. Nxd5 Qxd5 8.
O-O O-O 9. dxc5 Nc6 10. Qe2 Qxc5 11. c3 Bd7 12. Bxh7+ Kxh7 13. Qd3+ Kg8 14.
Qxd7 Qb5 15. Qd1 Rfd8 16. Qc2 Qd3 17. Qxd3 Rxd3 18. Be3 Rad8 19. Rfe1 Bf6 20.
Kf1 b5 21. Ke2 b4 22. Nd4 bxc3 23. Nxc6 cxb2 24. Nxd8 bxa1=Q 25. Rxa1 Rxd8 26.
Rd1 a6 27. Rxd8+ Bxd8 28. Bc5 f5 29. Bd6 Kf7 30. Kd3 Bb6 31. f3 Ke8 32. Be5 g6
33. Kc4 Kd7 34. g4 Bf2 35. Bd4 Bxd4 36. Kxd4 fxg4 37. fxg4 g5 38. Kc5 Kc7 39.
a4 a5 40. Kd4 Kd6 41. Ke4 e5 42. Kf5 Kd5 43. h4 gxh4 44. g5 h3 45. g6 h2 46. g7
h1=Q 47. g8=Q+ Kd4 48. Qd8+ Qd5 49. Qb6+ Kc4 50. Qb2 Qf7+ 51. Kg5 Qe7+ 52. Kf5
Qd7+ 53. Kf6 Qxa4 54. Qe2+ Kc3 55. Qe3+ Kc2 56. Qe2+ Kc1 57. Qe3+ Kc2 58. Qe2+
Kb1 59. Qe1+ Ka2 60. Qd2+ Kb1 61. Qe1+ Ka2 62. Qd2+ Kb3 63. Qe3+ Kb4 64. Qe1+
Kb3 65. Qe3+ Kc2 1/2-1/2

[Event "BL 8990 Dortmund-Porz"]
[Site "?"]
[Date "1989.??.??"]
[Round "?.4"]
[White "Stein, B."]
[Black "Lutz, C."]
[Result "1-0"]
[WhiteElo "2380"]
[BlackElo "2410"]
[PlyCount "73"]
[EventDate "1989.??.??"]

1. e4 c5 2. Nf3 Nc6 3. c3 e6 4. d3 d5 5. Qc2 Bd6 6. Be2 Nge7 7. a3 O-O 8. b4
cxb4 9. cxb4 Bd7 10. Bb2 Rc8 11. Qb3 Ng6 12. g3 Nce5 13. Nbd2 Qe8 14. Rc1 Rxc1+
15. Bxc1 Ba4 16. Qb2 Bb5 17. Qd4 Qc6 18. O-O dxe4 19. Qxe4 Rc8 20. Nd4 Qxe4 21.
Nxe4 Bxd3 22. Nxd6 Rd8 23. Bxd3 Nxd3 24. N4b5 a6 25. Nxb7 Rc8 26. N5d6 Rxc1 27.
Rxc1 Nxc1 28. Nc5 Kf8 29. Nxa6 Ke7 30. Nc4 Ne2+ 31. Kf1 Nc3 32. Nc5 Nf8 33. Ke1
Nd7 34. Nxd7 Kxd7 35. Kd2 Ne4+ 36. Ke3 f5 37. f3 1-0

[Event "BL 8990 Dortmund-Porz"]
[Site "?"]
[Date "1989.??.??"]
[Round "?.6"]
[White "Finegold, B."]
[Black "Ostermeyer, P."]
[Result "1-0"]
[WhiteElo "2375"]
[BlackElo "2465"]
[PlyCount "45"]
[EventDate "1989.??.??"]

1. d4 Nf6 2. c4 e6 3. Nc3 Bb4 4. Qc2 O-O 5. Bg5 c5 6. e3 h6 7. Bh4 d6 8. Bd3
Nbd7 9. Nge2 e5 10. O-O Bxc3 11. Nxc3 Re8 12. Nb5 g5 13. Bg3 Nf8 14. Rad1 Nh5
15. dxc5 Nxg3 16. fxg3 dxc5 17. Bh7+ Nxh7 18. Rxd8 Rxd8 19. Rxf7 Nf8 20. Re7
Bg4 21. Nc7 Rac8 22. Nd5 Rd6 23. Qf2 1-0

[Event "BL 8990 Dortmund-Porz"]
[Site "?"]
[Date "1989.??.??"]
[Round "?.8"]
[White "Mainka, G."]
[Black "Schmidt, B."]
[Result "0-1"]
[WhiteElo "2345"]
[BlackElo "2315"]
[PlyCount "106"]
[EventDate "1989.??.??"]

1. e4 e6 2. d4 d5 3. Nc3 Nf6 4. e5 Nfd7 5. f4 c5 6. Nf3 Nc6 7. Be3 cxd4 8. Nxd4
Bc5 9. Qd2 Nxd4 10. Bxd4 Bxd4 11. Qxd4 Qb6 12. Qxb6 Nxb6 13. Nb5 Ke7 14. Bd3
Na4 15. O-O-O Bd7 16. Nd4 Nc5 17. Kd2 f5 18. Rdg1 h5 19. g3 Rag8 20. h3 g5 21.
b4 Ne4+ 22. Ke3 Rg7 23. Bxe4 dxe4 24. h4 gxf4+ 25. gxf4 Rg4 26. Rxg4 hxg4 27.
c4 Rc8 28. Rc1 Be8 29. c5 a6 30. Rc2 Ba4 31. Rc1 Rh8 32. Rh1 Rh6 33. Kf2 Rh7
34. Kg3 Rh8 35. Kf2 Rg8 36. Rg1 Kf7 37. Rg2 Bd1 38. Rg1 Ba4 39. Rg2 Bb5 40. a3
Rd8 41. Ke3 Rh8 42. Rh2 g3 43. Rg2 Rg8 44. Ne2 Bxe2 45. Kxe2 Rg4 46. h5 Kg7 47.
a4 Kh6 48. b5 axb5 49. axb5 Kxh5 50. Rg1 Rg7 51. Ke3 Kg4 52. c6 bxc6 53. bxc6
Rc7 0-1

[Event "BL 8990 Solingen-Koblenz"]
[Site "?"]
[Date "1989.??.??"]
[Round "?.2"]
[White "Lobron, E."]
[Black "Wolf, V."]
[Result "1-0"]
[WhiteElo "2585"]
[BlackElo "2340"]
[PlyCount "69"]
[EventDate "1989.??.??"]

1. c4 e5 2. Nc3 Nc6 3. g3 f5 4. Bg2 Nf6 5. e3 d6 6. Nge2 Be6 7. Nd5 Qd7 8. Qb3
Nd8 9. Nxf6+ gxf6 10. d4 c6 11. d5 cxd5 12. cxd5 Bf7 13. Bd2 Rc8 14. O-O Bh5
15. f3 Nf7 16. Rac1 Rxc1 17. Rxc1 Be7 18. Qc4 Bd8 19. a4 O-O 20. Kf2 a5 21. b4
axb4 22. Qxb4 e4 23. f4 Nh6 24. Nd4 Bf7 25. Qb3 Ng4+ 26. Kg1 Kh8 27. Bf1 Nh6
28. a5 Rg8 29. Rb1 Rg7 30. Qxb7 Qxb7 31. Rxb7 Bxd5 32. Rb5 Ba2 33. a6 Ra7 34.
Rb8 Nf7 35. Nc6 1-0

[Event "BL 8990 Solingen-Koblenz"]
[Site "?"]
[Date "1989.??.??"]
[Round "?.3"]
[White "Schulz, KJ."]
[Black "Schneider, B1."]
[Result "0-1"]
[WhiteElo "2350"]
[BlackElo "2475"]
[PlyCount "66"]
[EventDate "1989.??.??"]

1. d4 g6 2. c4 Bg7 3. Nc3 d6 4. Nf3 Bg4 5. g3 Bxf3 6. exf3 Nc6 7. d5 Nd4 8. Bg2
c5 9. dxc6 Nxc6 10. O-O Nf6 11. f4 O-O 12. Be3 Rc8 13. Rc1 Qd7 14. Re1 Rfd8 15.
Qe2 e6 16. Red1 Qe7 17. Kf1 h5 18. h3 Rd7 19. Rc2 Qd8 20. Rcd2 h4 21. g4 Na5
22. b3 Nxg4 23. hxg4 Bxc3 24. Rd3 Bg7 25. g5 Nc6 26. Qg4 d5 27. Qxh4 Nb4 28.
R3d2 d4 29. f5 gxf5 30. Bxd4 Bxd4 31. Rxd4 Rcc7 32. a3 Nc2 33. R4d3 Rxd3 0-1

[Event "BL 8990 Solingen-Koblenz"]
[Site "?"]
[Date "1989.??.??"]
[Round "?.4"]
[White "Reeh, O."]
[Black "Bayer, E."]
[Result "1-0"]
[WhiteElo "2430"]
[BlackElo "2355"]
[PlyCount "77"]
[EventDate "1989.??.??"]

1. e4 c5 2. Nf3 d6 3. d4 cxd4 4. Nxd4 Nf6 5. Nc3 a6 6. f4 Qc7 7. Nf3 Nc6 8. Bd3
Bg4 9. h3 Bxf3 10. Qxf3 Nb4 11. O-O e6 12. a3 Nxd3 13. cxd3 Be7 14. Be3 O-O 15.
Rac1 Qa5 16. d4 Rac8 17. e5 Nd5 18. Nxd5 Qxd5 19. Qxd5 exd5 20. f5 Rfe8 21.
Rxc8 Rxc8 22. f6 Bf8 23. fxg7 Kxg7 24. exd6 Bxd6 25. Rf5 Rd8 26. Bg5 Kg6 27. g4
Rd7 28. h4 Be7 29. h5+ Kg7 30. Bd2 Bf6 31. Be3 Bh4 32. Kg2 h6 33. Kf3 Rd6 34.
Ke2 Rb6 35. b4 Re6 36. Rxd5 Bg5 37. Re5 Rxe5 38. dxe5 Be7 39. Kd3 1-0

[Event "BL 8990 Solingen-Koblenz"]
[Site "?"]
[Date "1989.??.??"]
[Round "?.5"]
[White "Brueckner, T."]
[Black "Zysk, R."]
[Result "1/2-1/2"]
[WhiteElo "2410"]
[BlackElo "2450"]
[PlyCount "50"]
[EventDate "1989.??.??"]

1. Nf3 Nf6 2. c4 c5 3. Nc3 g6 4. g3 b6 5. Bg2 Bb7 6. O-O Bg7 7. d4 cxd4 8. Qxd4
d6 9. Rd1 Nbd7 10. Bd2 Rc8 11. Rac1 O-O 12. b3 d5 13. cxd5 Nxd5 14. Qd3 Nc5 15.
Qb1 e6 16. b4 Nd7 17. Nb5 Rxc1 18. Rxc1 Qb8 19. Qd3 a6 20. Nc7 Nxc7 21. Qxd7
Nd5 22. Ng5 Bc8 23. Qc6 Bb7 24. Qd7 Bc8 25. Qc6 Bb7 1/2-1/2

[Event "BL 8990 Solingen-Koblenz"]
[Site "?"]
[Date "1989.??.??"]
[Round "?.7"]
[White "Weidemann, J."]
[Black "Podzielny, K."]
[Result "1/2-1/2"]
[WhiteElo "2300"]
[BlackElo "2430"]
[PlyCount "191"]
[EventDate "1989.??.??"]

1. e4 c5 2. Nf3 e6 3. c3 d5 4. exd5 exd5 5. d4 c4 6. b3 cxb3 7. axb3 Bd6 8. Bd3
Ne7 9. Qc2 Nbc6 10. h3 h6 11. O-O O-O 12. b4 Be6 13. b5 Na5 14. Nbd2 b6 15. Bb2
Qc7 16. Rae1 Rae8 17. Ne5 Qc8 18. Ndf3 Bf5 19. Ra1 Bxd3 20. Qxd3 f6 21. Ng6
Nxg6 22. Qxg6 Re2 23. Bc1 Qe8 24. Qf5 Qe6 25. Nh4 Qxf5 26. Nxf5 Rd8 27. Ba3
Bxa3 28. Rxa3 Rd7 29. Raa1 Nc4 30. Rfe1 Rxe1+ 31. Rxe1 Na3 32. h4 Nxb5 33. h5
Kf7 34. Re3 Nd6 35. Nh4 Re7 36. Rd3 a5 37. Rd2 Nc4 38. Ra2 Re1+ 39. Kh2 b5 40.
Nf5 a4 41. g4 a3 42. Kg2 Re6 43. Kf3 Ra6 44. Ke2 g6 45. hxg6+ Kxg6 46. Ne7+ Kg5
47. Kf3 h5 48. gxh5 Rd6 49. h6 Rd8 50. h7 Rh8 51. Ra1 f5 52. Rg1+ Kf6 53. Nxd5+
Kf7 54. Re1 Rxh7 55. Re7+ Kg6 56. Nf4+ Kh6 57. Re6+ Kg7 58. Ra6 Rh1 59. Ra7+
Kh6 60. Ra6+ Kh7 61. Nd5 Rf1 62. Ne3 Nxe3 63. Kxe3 Ra1 64. Kf4 a2 65. Kxf5 Kg7
66. Ra7+ Kf8 67. d5 Rd1 68. Rxa2 Rxd5+ 69. Ke4 Rc5 70. Kd3 Ke7 71. Rb2 Kd6 72.
Rb4 Rh5 73. Rf4 Kd5 74. Kc2 Rh1 75. Rf8 Rh3 76. Kb3 Rh4 77. f4 Rh1 78. Rf5+ Kc6
79. Re5 Rb1+ 80. Kc2 Rf1 81. Rf5 Rf3 82. Kb3 Rf1 83. Rf8 Rb1+ 84. Kc2 Rf1 85.
Kd3 Kd5 86. Rd8+ Ke6 87. Rd4 Rd1+ 88. Kc2 Rf1 89. Kb2 Rf2+ 90. Kb3 Rf1 91. Rb4
Kd6 92. Kc2 Kc5 93. Re4 Rf3 94. Kb3 Rf1 95. Re5+ Kc6 96. Rf5 1/2-1/2

[Event "BL 8990 Solingen-Koblenz"]
[Site "?"]
[Date "1989.??.??"]
[Round "?.8"]
[White "Dueball, J."]
[Black "Fritsche, L."]
[Result "1/2-1/2"]
[WhiteElo "2435"]
[BlackElo "2285"]
[PlyCount "89"]
[EventDate "1989.??.??"]

1. e4 e5 2. Nf3 d6 3. d4 Nf6 4. Nc3 Nbd7 5. Bc4 Be7 6. O-O O-O 7. Qe2 c6 8. a4
b6 9. h3 a6 10. Rd1 Qc7 11. dxe5 dxe5 12. Nh4 Re8 13. Nf5 Bf8 14. Qf3 b5 15.
axb5 Nb6 16. Bb3 Bxf5 17. Qxf5 axb5 18. Rxa8 Rxa8 19. Bg5 Nbd7 20. Ne2 h6 21.
Bxf6 Nxf6 22. Ng3 Rd8 23. Rxd8 Qxd8 24. Qg6 Qd7 25. Nf5 Kh8 26. Qxf7 Qxf7 27.
Bxf7 Nxe4 28. Be8 Nd6 29. Nxd6 Bxd6 30. Bxc6 b4 31. Kf1 Bc5 32. c3 bxc3 33.
bxc3 Kg8 34. Ke2 Kf7 35. f3 Ke6 36. Kd3 h5 37. g4 hxg4 38. fxg4 g5 39. Ke4 Be7
40. Bb7 Bd8 41. Bc8+ Kd6 42. Kf5 Kd5 43. Be6+ Kd6 44. c4 e4 45. c5+ 1/2-1/2

[Event "BL 8990 Delmenhorst-Kirchheim"]
[Site "?"]
[Date "1989.??.??"]
[Round "?.1"]
[White "Adorjan, A."]
[Black "Armas, I."]
[Result "1/2-1/2"]
[WhiteElo "2530"]
[BlackElo "2480"]
[PlyCount "59"]
[EventDate "1989.??.??"]

1. d4 Nf6 2. Nf3 c5 3. d5 e6 4. c4 exd5 5. cxd5 d6 6. Nc3 g6 7. g3 Bg7 8. Bg2
O-O 9. O-O Re8 10. Bf4 a6 11. a4 Ne4 12. Nxe4 Rxe4 13. Nd2 Rb4 14. Ne4 h6 15.
Ra2 Bh3 16. Bxh3 Rxe4 17. a5 Qc7 18. Qc2 Re7 19. Rc1 b5 20. axb6 Qxb6 21. Qc4
Nd7 22. Bxd7 Rxd7 23. Rca1 a5 24. Bd2 Rda7 25. Bc3 h5 26. Ra4 Qd8 27. h4 Bf6
28. R1a3 Kg7 29. Kg2 Qe7 30. e3 1/2-1/2

[Event "BL 8990 Delmenhorst-Kirchheim"]
[Site "?"]
[Date "1989.??.??"]
[Round "?.2"]
[White "Hausner, I."]
[Black "Graf, J."]
[Result "1/2-1/2"]
[WhiteElo "2440"]
[BlackElo "2425"]
[PlyCount "163"]
[EventDate "1989.??.??"]

1. e4 Nf6 2. e5 Nd5 3. d4 d6 4. c4 Nb6 5. exd6 exd6 6. Nc3 Nc6 7. h3 Be7 8. Nf3
O-O 9. Be3 Bf5 10. d5 Ne5 11. Nxe5 dxe5 12. Be2 Nd7 13. O-O a5 14. Rc1 Bc5 15.
Qd2 Qe7 16. Rfd1 Rfd8 17. Bxc5 Nxc5 18. Qe3 Rd7 19. Bf1 Bg6 20. Re1 Re8 21.
Rcd1 f5 22. f4 exf4 23. Qxf4 Ne4 24. Kh2 Qc5 25. Nxe4 fxe4 26. Qe3 Qd6+ 27. Kg1
Qe5 28. c5 Red8 29. Qc3 Qxc3 30. bxc3 Bf7 31. c4 c6 32. d6 Re8 33. Rd4 Bg6 34.
Be2 h5 35. Bd1 e3 36. Be2 Re5 37. Bf1 Bf5 38. Kh2 Kf7 39. Be2 g6 40. g4 hxg4
41. hxg4 Be6 42. Bd3 Kf6 43. Kg3 g5 44. a4 Rxc5 45. Rxe3 Re5 46. Rf3+ Kg7 47.
Bf5 Kf6 48. Bc2+ Kg7 49. Rc3 c5 50. Rd2 Re1 51. Kf2 Re5 52. Re3 Rxe3 53. Kxe3
Kf6 54. Bf5 Bxf5 55. Rf2 Rxd6 56. Rxf5+ Ke6 57. Rxc5 Rc6 58. Kd4 Rxc5 59. Kxc5
Ke5 60. Kb6 Kd4 61. Kb5 Ke4 62. Kb6 Kd4 63. Kb5 Ke4 64. Kxa5 Kf4 65. Kb6 Kxg4
66. Kxb7 Kf4 67. a5 g4 68. a6 g3 69. a7 g2 70. a8=Q g1=Q 71. Qf8+ Ke5 72. Qe7+
Kd4 73. c5 Qb1+ 74. Kc7 Kc4 75. c6 Kb5 76. Qe2+ Ka5 77. Qe8 Qb6+ 78. Kd7 Qd4+
79. Kc8 Kb6 80. c7 Ka7 81. Qh5 Qb4 82. Qf3 1/2-1/2

[Event "BL 8990 Delmenhorst-Kirchheim"]
[Site "?"]
[Date "1989.??.??"]
[Round "?.3"]
[White "Gschnitzer, O."]
[Black "Hermann, Man"]
[Result "1/2-1/2"]
[WhiteElo "2405"]
[BlackElo "2360"]
[PlyCount "77"]
[EventDate "1989.??.??"]

1. d4 d5 2. c4 c6 3. Nc3 dxc4 4. e4 b5 5. a4 e5 6. Nf3 exd4 7. Qxd4 Qxd4 8.
Nxd4 b4 9. Nd1 Ba6 10. Bf4 Nf6 11. f3 Bc5 12. Nf5 O-O 13. Rc1 c3 14. bxc3 g6
15. Nfe3 bxc3 16. Be5 Nfd7 17. Bxc3 Bxf1 18. Kxf1 Na6 19. h4 f5 20. h5 fxe4 21.
Ng4 Rfe8 22. hxg6 hxg6 23. fxe4 Bf8 24. Rh8+ Kf7 25. Rh7+ Ke6 26. Ndf2 Nac5 27.
Bd4 Rac8 28. Bxc5 Nxc5 29. Rxa7 Ra8 30. Rc7 Rec8 31. Rxc8 Rxc8 32. Rc4 Ra8 33.
Nh3 Rxa4 34. Nf4+ Kf7 35. Ne5+ Kf6 36. Rxc5 Rxe4 37. Nd7+ Kg7 38. Nh5+ gxh5 39.
Rxc6 1/2-1/2

[Event "BL 8990 Delmenhorst-Kirchheim"]
[Site "?"]
[Date "1989.??.??"]
[Round "?.4"]
[White "Borik, O."]
[Black "Mueller, O."]
[Result "1-0"]
[WhiteElo "2355"]
[BlackElo "2355"]
[PlyCount "73"]
[EventDate "1989.??.??"]

1. Nf3 Nf6 2. c4 e6 3. Nc3 c5 4. g3 b6 5. e4 Bb7 6. Qe2 Nc6 7. Bg2 d6 8. O-O
Be7 9. Rd1 e5 10. d3 O-O 11. Bd2 Bc8 12. h3 Be6 13. Nd5 Rb8 14. a3 Qd7 15. Qf1
h6 16. b4 Nh7 17. b5 Nd4 18. Nxd4 cxd4 19. Nb4 Ng5 20. f4 f5 21. exf5 Rxf5 22.
Qe2 Nh7 23. g4 Rf6 24. Nc6 Re8 25. Re1 Bf8 26. f5 Bf7 27. Nb4 Rd8 28. a4 g6 29.
fxg6 Rxg6 30. Rf1 Nf6 31. a5 d5 32. axb6 axb6 33. Nc6 Re8 34. Ra7 Qd6 35. Bb4
Qe6 36. Bxf8 Kxf8 37. Bxd5 1-0

[Event "BL 8990 Delmenhorst-Kirchheim"]
[Site "?"]
[Date "1989.??.??"]
[Round "?.5"]
[White "Vonthron, H."]
[Black "Schlemermeyer, W."]
[Result "1-0"]
[WhiteElo "2385"]
[BlackElo "2385"]
[PlyCount "161"]
[EventDate "1989.??.??"]

1. e4 g6 2. d4 Bg7 3. Nc3 d6 4. Be3 c6 5. Qd2 b5 6. O-O-O Nd7 7. f4 b4 8. Nce2
Ngf6 9. Ng3 Rb8 10. Nf3 Qa5 11. Bc4 Nb6 12. Bb3 Qb5 13. Qd3 a5 14. Qxb5 cxb5
15. a3 bxa3 16. bxa3 e6 17. Bd2 a4 18. Ba2 Bb7 19. Rde1 O-O 20. Bb4 Rfd8 21. c3
Rbc8 22. Ba5 Nfd7 23. Kb2 Re8 24. Bb4 Bf8 25. Nd2 Nb8 26. Ba5 N6d7 27. Bb4 Nc6
28. Nb1 Nb6 29. Rhf1 Red8 30. Rf2 Bg7 31. Rd1 Nxb4 32. axb4 d5 33. e5 Nc4+ 34.
Bxc4 dxc4 35. Na3 Bc6 36. Re2 Bh6 37. Rf1 Bf8 38. Ne4 Be7 39. g4 Rb8 40. f5
exf5 41. gxf5 Bd7 42. f6 Bf8 43. h4 h5 44. Ng5 Bf5 45. Rd2 Rd5 46. Rff2 Bh6 47.
Nc2 Bxg5 48. hxg5 Rbd8 49. Ne3 Be6 50. Ka3 R8d7 51. Ng2 Rd8 52. Nf4 R5d7 53.
Rd1 Bd5 54. Re1 Re8 55. Re3 Be6 56. Rh2 Kh7 57. Ree2 Bd5 58. Rh3 Be6 59. Rhe3
Kg8 60. Rf2 Bd5 61. Re1 Be6 62. Rd2 Bd5 63. Rh2 Kh7 64. Rf2 Re6 65. Kb2 Rd8 66.
Kc1 Kg8 67. Kd2 Kf8 68. Ke3 Ke8 69. Nxd5 Rxd5 70. Ke4 Rd8 71. d5 Ra6 72. Kd4
Kd7 73. Rfe2 a3 74. e6+ fxe6 75. Rxe6 Rxe6 76. dxe6+ Kc6+ 77. Ke3 Rd5 78. Kf2
Rf5+ 79. Kg2 Rxg5+ 80. Kh2 a2 81. e7 1-0

[Event "BL 8990 Delmenhorst-Kirchheim"]
[Site "?"]
[Date "1989.??.??"]
[Round "?.8"]
[White "Derikum, A."]
[Black "Messmer, M."]
[Result "1/2-1/2"]
[WhiteElo "2285"]
[BlackElo "2290"]
[PlyCount "69"]
[EventDate "1989.??.??"]

1. c4 e5 2. Nc3 Bb4 3. Qc2 Nc6 4. e3 Nf6 5. Nf3 a5 6. Nd5 Bc5 7. a3 d6 8. Bd3
Nxd5 9. cxd5 Ne7 10. Nxe5 dxe5 11. Qxc5 Qxd5 12. Qxd5 Nxd5 13. O-O Be6 14. Rb1
c5 15. b3 Ke7 16. Bb2 f6 17. Be4 Rac8 18. Rfc1 b6 19. g3 Nc7 20. d4 exd4 21.
exd4 Bd5 22. Bf5 Be6 23. Be4 Bd5 24. Re1 Kf7 25. dxc5 bxc5 26. Bc3 Bxe4 27.
Rxe4 Nb5 28. Bxa5 Ra8 29. Ra4 Rhb8 30. Bd2 Nd4 31. Rxa8 Rxa8 32. Bc1 Ne2+ 33.
Kf1 Nxc1 34. Rxc1 Rxa3 35. Rxc5 1/2-1/2

[Event "BL 8990 HSK-Sindelfingen"]
[Site "?"]
[Date "1989.??.??"]
[Round "?.1"]
[White "Darga, K."]
[Black "Wahls, M."]
[Result "0-1"]
[WhiteElo "2470"]
[BlackElo "2535"]
[PlyCount "64"]
[EventDate "1989.??.??"]

1. Nf3 Nf6 2. c4 c5 3. Nc3 e6 4. e3 Nc6 5. Be2 d5 6. cxd5 exd5 7. d4 cxd4 8.
Nxd4 Bd6 9. O-O O-O 10. Bf3 Be5 11. Nce2 Ne4 12. Bd2 Qd6 13. g3 Bh3 14. Bg2
Bxg2 15. Kxg2 Bxd4 16. exd4 Qf6 17. Be3 Rfe8 18. Nf4 Rad8 19. Qa4 Qf5 20. Rac1
Nd6 21. Rfe1 Nc4 22. Qb5 g5 23. Nh3 h6 24. Rxc4 g4 25. Nf4 Qe4+ 26. Kg1 dxc4
27. Qh5 Nxd4 28. Qxh6 Nf3+ 29. Kf1 Qh7 30. Qxh7+ Kxh7 31. Rc1 b5 32. Kg2 Rxe3
0-1

[Event "BL 8990 HSK-Sindelfingen"]
[Site "?"]
[Date "1989.??.??"]
[Round "?.2"]
[White "Maus, So"]
[Black "Rajkovic, D."]
[Result "0-1"]
[WhiteElo "2395"]
[BlackElo "2465"]
[PlyCount "77"]
[EventDate "1989.??.??"]

1. c4 Nf6 2. g3 e6 3. b3 d5 4. Nf3 a5 5. Nc3 d4 6. Nb5 Bc5 7. Bg2 c6 8. Ba3
Bxa3 9. Nxa3 e5 10. Nc2 Qe7 11. O-O O-O 12. d3 Rd8 13. Re1 Bf5 14. Nh4 Bg4 15.
h3 Be6 16. e3 dxe3 17. Rxe3 Nbd7 18. Qe2 Qd6 19. Rd1 h6 20. Bf1 a4 21. b4 Nf8
22. Re1 N6d7 23. Nf3 Bf5 24. c5 Qf6 25. d4 Bxc2 26. Qxc2 exd4 27. Rd3 Ne6 28.
Qd1 a3 29. Rd2 b6 30. Bc4 bxc5 31. Bxe6 fxe6 32. bxc5 e5 33. Kg2 Rf8 34. Re4
Rab8 35. Qe2 Rb2 36. Rxb2 axb2 37. Nd2 Qf7 38. a4 Qa2 39. Qd1 0-1

[Event "BL 8990 HSK-Sindelfingen"]
[Site "?"]
[Date "1989.??.??"]
[Round "?.4"]
[White "Wegner, H."]
[Black "Kraut, R."]
[Result "0-1"]
[WhiteElo "2365"]
[BlackElo "2380"]
[PlyCount "118"]
[EventDate "1989.??.??"]

1. c4 e5 2. g3 Nf6 3. Bg2 Nc6 4. Nc3 Bb4 5. Nd5 O-O 6. e3 Nxd5 7. cxd5 Ne7 8.
a3 Ba5 9. b4 Bb6 10. Bb2 d6 11. d4 Nf5 12. Ne2 Qf6 13. O-O Bd7 14. dxe5 dxe5
15. Nc3 Nd6 16. Qb3 a5 17. bxa5 Rxa5 18. Kh1 Qh6 19. e4 Bd4 20. Bc1 Qh5 21. Ra2
Rc5 22. Ne2 Bb5 23. Qf3 Qxf3 24. Bxf3 Bxf2 25. Bd2 Bc4 26. Raa1 Bxe2 27. Rxf2
Bxf3+ 28. Rxf3 Rc4 29. Bb4 Rc8 30. Bxd6 cxd6 31. Rb3 R8c7 32. Rb6 Rxe4 33. Rxd6
Kf8 34. Ra2 Rd4 35. Rb2 Ke7 36. Rdb6 Rxd5 37. Rxb7 Rxb7 38. Rxb7+ Ke6 39. Ra7
Rd2 40. Ra8 f5 41. a4 e4 42. a5 Ra2 43. a6 Kf6 44. a7 Kg5 45. h3 h5 46. Kg1 h4
47. Rh8 Rxa7 48. Rxh4 Ra1+ 49. Kf2 Ra2+ 50. Kf1 Kf6 51. Rh8 Ke5 52. Rg8 e3 53.
Rxg7 Ke4 54. Rf7 Kd3 55. Rd7+ Ke4 56. Rf7 Rf2+ 57. Kg1 f4 58. gxf4 Kf3 59. Re7
e2 0-1

[Event "BL 8990 HSK-Sindelfingen"]
[Site "?"]
[Date "1989.??.??"]
[Round "?.5"]
[White "Werner, Marc"]
[Black "Michaelsen, N."]
[Result "0-1"]
[WhiteElo "2360"]
[BlackElo "2345"]
[PlyCount "80"]
[EventDate "1989.??.??"]

1. e4 e5 2. Bc4 Nf6 3. d3 c6 4. Nf3 d5 5. Bb3 Bb4+ 6. c3 Bd6 7. O-O O-O 8. Re1
Re8 9. Nbd2 Nbd7 10. Nf1 Nc5 11. Bc2 dxe4 12. dxe4 a5 13. Ng3 h6 14. h3 Qc7 15.
Nh4 Bf8 16. Qf3 Nh7 17. Nhf5 b6 18. Be3 Ba6 19. Red1 Rad8 20. Qg4 Kh8 21. Nh5
Ne6 22. Bb3 g6 23. Nxh6 Bxh6 24. Bxh6 gxh5 25. Qxh5 Rg8 26. Rxd8 Nxd8 27. Rd1
Bc8 28. Rd3 Be6 29. Rf3 Bxb3 30. axb3 Qd6 31. Rf5 f6 32. Be3 c5 33. Kh2 Qe7 34.
Qf3 Nf7 35. h4 Nd6 36. Rh5 Rg6 37. b4 axb4 38. cxb4 cxb4 39. Bxb6 Qb7 40. Bd8
Kg7 0-1